[Event "Stuttgart-chB int"]
[Site "Ditzingen"]
[Date "2018.05.13"]
[Round "7"]
[White "Apelt, Andreas"]
[Black "Taghiani, Afschin"]
[Result "1-0"]
[WhiteElo "1787"]
[BlackElo "1826"]
[PlyCount "79"]
[EventDate "2018.05.10"]
[EventType "swiss"]
[EventRounds "7"]
[EventCountry "GER"]
[SourceTitle "EXT 2020"]
[Source "ChessBase"]
[SourceDate "2019.10.17"]
[SourceVersion "1"]
[SourceVersionDate "2019.10.17"]
[SourceQuality "1"]

1. d4 e6 2. c4 Nf6 3. Nc3 Bb4 4. f3 c5 5. a3 Bxc3+ 6. bxc3 0-0 7. e4 d6 8. Bd3 Nc6 9. Ne2 e5 10. d5 Na5 11. 0-0 b6 12. Ng3 Ba6 13. Qe2 Nb3 14. Rb1 Nxc1 15. Rbxc1 Bc8 16. Qd2 h6 17. f4 exf4 18. Rxf4 Ng4 19. Be2 Ne5 20. Rcf1 Qg5 21. Qd1 Ng6 22. R4f2 Nh4 23. Qc1 Qe5 24. Bh5 f5 25. exf5 Bxf5 26. Re1 Qf6 27. Nxf5 Nxf5 28. g4 Qh4 29. Qc2 Ne7 30. Rfe2 Nf5 31. Re6 Rad8 32. Qe2 Qg5 33. Rg6 Nh4 34. Rxg5 Nf3+ 35. Kh1 Nxg5 36. Rf1 Rxf1+ 37. Qxf1 Rf8 38. Qe2 Rf6 39. h4 Nh3 40. Qe8+ 1-0

[Event "Stuttgart-chB int"]
[Site "Ditzingen"]
[Date "2018.05.12"]
[Round "6"]
[White "Taghiani, Afschin"]
[Black "Schnepel, Thomas"]
[Result "1-0"]
[WhiteElo "1826"]
[BlackElo "1845"]
[PlyCount "77"]
[EventDate "2018.05.10"]
[EventType "swiss"]
[EventRounds "7"]
[EventCountry "GER"]
[SourceTitle "EXT 2020"]
[Source "ChessBase"]
[SourceDate "2019.10.17"]
[SourceVersion "1"]
[SourceVersionDate "2019.10.17"]
[SourceQuality "1"]

1. Nf3 c5 2. c4 Nc6 3. g3 e5 4. e4 Be7 5. Bg2 d6 6. d3 Bg4 7. h3 Be6 8. Nc3 h6 9. Nd5 Nf6 10. Nxe7 Qxe7 11. Be3 Nd7 12. Nh4 g6 13. Qd2 g5 14. Nf5 Bxf5 15. exf5 Nf6 16. 0-0 Nd4 17. Bxd4 cxd4 18. Qb4 0-0 19. Rfe1 Rab8 20. Re2 Qc7 21. Qd2 Nd7 22. h4 f6 23. hxg5 hxg5 24. f4 g4 25. Bd5+ Kg7 26. Rh2 Rh8 27. Qe2 Rxh2 28. Qxg4+ Kf8 29. Qg8+ Ke7 30. Qf7+ Kd8 31. Kxh2 Qc8 32. Be6 Kc7 33. fxe5 dxe5 34. Kg2 Qe8 35. Qg7 Rd8 36. Rh1 Kb8 37. Rh7 Nc5 38. Qc7+ Ka8 39. Qxc5 1-0